| 000 | 01260cam a2200217 4500 | ||
|---|---|---|---|
| 001 | WB@3612-459 | ||
| 008 | 040922n2004 000 0 eng u | ||
| 035 | _a(Sirsi) u127474 | ||
| 245 | _aAutumn brings a fall in house prices | ||
| 260 | _c2004 | ||
| 490 |
_aRICS Press Release _v(pr084) 21 September 2004 (2) |
||
| 520 | _aAccording to the "RICS housing market survey Great Britain: August 2004", an overall decline in house prices has been recorded for the first time in over a year. This follows a run of three interest rate rises and implies that prospective buyers are taking heed of rising borrowing costs. London, south- east England and the eastern regions have reported the biggest falls while prices continue to steadily rise in Scotland and north- east England. The full survey is available from the RICS website: http://www.rics.org/NR/rdonlyres/9E34BE51-DC98-465 5-8B4B-655EF67D64B1/0/HMSaug04public.pdf. http://www.rics.org/Property/Propertymarket/autumn +brings+a+fall+in+house+prices.htm?WBCMODE=Present ationUnpublished | ||
| 590 | _aWB | ||
| 590 | _aWB | ||
| 650 | _aHOUSE PRICE SURVEYS | ||
| 650 | _aINTEREST RATES | ||
| 650 | _aPROPERTY PRICES | ||
| 650 | _aHOUSING SURVEYS | ||
| 690 | _aHOUSING-HOUSE PRICES | ||
| 942 | _n0 | ||
| 999 |
_c118027 _d118027 |
||